Reglament de la Associació d'excursions Catalana / Associació d'Excursions Catalana
Descripción Física:
15 p. ; 19 cm
MARC
| LEADER | 00000nam a2200000Ia 4500 | ||
|---|---|---|---|
| 001 | 20601 | ||
| 003 | BGR | ||
| 005 | 20260324180145.0 | ||
| 008 | 160829s1878 xx 000 0 cat d | ||
| 080 | |a 1843, exp. 86 | ||
| 110 | 2 | |a Associació d'Excursions Catalana |9 70559 | |
| 245 | |a Reglament de la Associació d'excursions Catalana / Associació d'Excursions Catalana | ||
| 260 | |a Barcelona : |b Imprenta de La Renaixensa, |c 1878 | ||
| 300 | |a 15 p. ; |c 19 cm | ||
| 610 | 2 | 0 | |a Associació d'Excursions Catalana |9 70559 |x Reglaments i procediment |
| 901 | |a Arxiu | ||
| 942 | |n 1 |2 udc |c MON | ||
| 952 | |0 0 |1 0 |4 0 |6 1843_EXP_86 |7 1 |9 54321 |a Arxiu |b Arxiu |d 2016-12-01 |l 0 |o 1843, exp. 86 |p 20601 |r 2016-12-01 00:00:00 |w 2016-12-01 |y ARXIU | ||
| 999 | |c 58190 |d 58190 | ||